000 01184cad a22002295a 4500
001 L157684
008 130227s2013 xxk f 000 0 eng d
035 _a(Sirsi) u157684
041 0 _aeng
050 0 4 _a346.410435 $2 18
110 2 _aEngland and Wales
_bLaw Commission
_93302
245 0 0 _aRights to Light
_bA Consultation Paper
_h[electronic resource]
260 _aLondon
_bLaw Commission
_c2013
490 0 _aLaw Commission Consultation Paper
_vNo 210
520 _aConsultation paper considers the law relating to the entire life cycle of a right to light from creation to its extinguishment. Puts forward several provisional proposals and requests consultees views on a number of other areas. The closing date for responses is 16 May 2013.
590 _aKA
651 4 _aENGLAND AND WALES
690 _aRIGHTS TO LIGHT
856 4 0 _uhttps://lawcommission.justice.gov.uk/docs/cp210_rights_to_light_version-web.pdf
_zView the consultation paper free of charge at http://lawcommission.justice.gov.uk
856 4 0 _uhttps://lawcommission.justice.gov.uk/docs/CP210_exec_summary_final.pdf
_zView the summary free of charge at http://lawcommission.justice.gov.uk
942 _n0
999 _c114919
_d114919